MARC details
| 000 -CABECERA |
| campo de control de longitud fija |
01741nam a2200313 a 4500 |
| 001 - NÚMERO DE CONTROL |
| campo de control |
000017013 |
| 005 - FECHA Y HORA DE LA ÚLTIMA TRANSACCIÓN |
| campo de control |
20260312134858.0 |
| 008 - DATOS DE LONGITUD FIJA--INFORMACIÓN GENERAL |
| campo de control de longitud fija |
100312s1982 ve 000 0 spa d |
| 020 ## - NÚMERO INTERNACIONAL ESTÁNDAR DEL LIBRO |
| Número Internacional Estándar del Libro |
846600095X |
| 040 ## - FUENTE DE LA CATALOGACIÓN |
| Centro catalogador/agencia de origen |
DO-SdBNP |
| Lengua de catalogación |
spa |
| Centro/agencia transcriptor |
BNPHU |
| 082 ## - NÚMERO DE LA CLASIFICACIÓN DECIMAL DEWEY |
| Número de clasificación |
177 |
| Número de documento/Ítem |
H831m, 1982 |
| 100 1# - ENTRADA PRINCIPAL--NOMBRE DE PERSONA |
| Nombre de persona |
Hostos, Eugenio María de, |
| Fechas asociadas al nombre |
1839-1903 |
| 9 (RLIN) |
1352 |
| 245 10 - MENCIÓN DE TÍTULO |
| Título |
Moral social : |
| Resto del título |
Sociología / |
| Mención de responsabilidad, etc. |
Eugenio María de Hostos ; prólogo y cronología de Manuel Maldonado-Denis. |
| 260 ## - PUBLICACIÓN, DISTRIBUCIÓN, ETC. |
| Lugar de publicación, distribución, etc. |
Caracas : |
| Nombre del editor, distribuidor, etc. |
Fundación Biblioteca Ayacucho, |
| Fecha de publicación, distribución, etc. |
1982. |
| 300 ## - DESCRIPCIÓN FÍSICA |
| Extensión |
XXXVII,481 p. ; |
| Dimensiones |
23 cm. |
| 490 1# - MENCIÓN DE SERIE |
| Mención de serie |
Biblioteca Ayacucho |
| Designación de volumen o secuencia |
97 |
| 500 ## - NOTA GENERAL |
| Nota general |
Incluye Glosario (p. 360-363). |
| 500 ## - NOTA GENERAL |
| Nota general |
Incluye cronologías (p. 356-473). |
| 500 ## - NOTA GENERAL |
| Nota general |
Incluye referencias bibliográficas y notas al pie de las páginas |
| 504 ## - NOTA DE BIBLIOGRAFÍA, ETC. |
| Nota de bibliografía, etc. |
Bibliografía : (p. 477-481) |
| 505 ## - NOTA DE CONTENIDO CON FORMATO |
| Nota de contenido con formato |
Eugenio María de Hostos : sociologo y maestro antillano -- |
| Título |
Eugenio María de Hostos : fundador de la sociología iberoamericana -- |
| -- |
Introducción metodológica -- |
| -- |
Sociología teórica -- |
| -- |
Sociología inductiva -- |
| -- |
Sociología deductiva -- |
| -- |
Sociología Expositiva -- |
| -- |
Socionomía -- |
| -- |
Resumen de la sociología -- |
| -- |
Moral Social -- |
| -- |
Relaciones y deberes -- |
| -- |
La sociedad y sus organos -- |
| -- |
Exposición de las relaciones -- |
| -- |
Clasificación de las relaciones -- |
| -- |
Relación de gratitud -- |
| -- |
Deberes duducidos de la relaciones de derecho -- |
| -- |
El derecho armado. Deberes que impone -- |
| 590 ## - NOTA LOCAL (RLIN) |
| Nota local |
Inventariado, 2019/VM |
| 600 14 - PUNTO DE ACCESO ADICIONAL DE MATERIA--NOMBRE DE PERSONA |
| Nombre de persona |
HOSTOS, EUGENIO MARÍA DE |
| Fechas asociadas al nombre |
1839-1903 |
| Títulos y otros términos asociados al nombre |
CRONOLOGÍA |
| 9 (RLIN) |
37569 |
| 650 #0 - PUNTO DE ACCESO ADICIONAL DE MATERIA--TÉRMINO DE MATERIA |
| Término de materia o nombre geográfico como elemento de entrada |
Ética social |
| 9 (RLIN) |
1353 |
| 650 #0 - PUNTO DE ACCESO ADICIONAL DE MATERIA--TÉRMINO DE MATERIA |
| Término de materia o nombre geográfico como elemento de entrada |
Sociología |
| 9 (RLIN) |
1061 |
| 700 1# - PUNTO DE ACCESO ADICIONAL--NOMBRE DE PERSONA |
| Nombre de persona |
Maldonado-Denis, Manuel, |
| Término indicativo de función/relación |
pról. |
| 9 (RLIN) |
8036 |
| 830 #0 - PUNTO DE ACCESO ADICIONAL DE SERIE-TÍTULO UNIFORME |
| Título uniforme |
Biblioteca Ayacucho ; |
| Número de parte o sección de la obra |
97 |
| 9 (RLIN) |
37570 |
| 910 ## - DATOS DE OPCIÓN DEL USUARIO (OCLC) |
| Datos de opción del usuario |
Validado. Control de calidad BNPHU |